home page   АИС "Историко-культурное наследие Беларуси"
  Базовый | Расширенный | Профессиональный | Словарь персоналий | Тематический словарь | По видам объектов История запросов  Заказы    Регистрация

Запись в MARC-формате

копировать MARC-запись

=LDR  00000nx\\c2200205\\\45\\
=001  BY-NLB-ar2772799
=005  20160330095630.4
=100  \\$a20080129arusy50\\\\\\ca0
=152  \\$apsbo
=160  \\$ae-bw
=215  \\$aКостел Матери Божьей Ружанцовой (Пески, деревня; Мостовский район)
=300  1\$aПамятник архитектуры неоготики. Построен в 1918 г. В 1990 г. отреставрирован.
=356  \\$aНаходится в деревне Пески Мостовского района Гродненской области.
=415  \\$aПесковский костел Матери Божьей Ружанцовой
=515  \\$5w$3BY-NLB-ar2772797$aКасцёл Маці Божай Ружанцовай (Пескі, вёска; Мастоўскі раён)
=801  \0$aBY$bBY-HM0000$c20080129
=810  \\$aТуристская энциклопедия Беларуси. – Мн., 2007.
=810  \\$aКулагін, А. М. Каталіцкія храмы на Беларусі. – Мн., 2000.
=810  \\$aКулагін, А. М. Каталіцкія храмы Беларусі : энцыкл. давед. – Мн., 2008.
=999  \\$f2786$t20080129$k2786

Чтобы вернуться назад, щелкните кнопку BACK на Вашем браузере